01000nam a2200265 450000100060000000300080000600500170001400800410003103500190007204000260009104100080011708200240012510000470014924500470019625000110024326000460025430000330030050400400033365000210037365000300039494200120042499900170043695201430045395201380059672067BD-RjUL20211209082216.0170513r19481942enkao 001 0 eng d a(BD-RjUL)72283 aBD-RjULbengcBD-RjUL aeng 223a541.2bASM 19481 aAston, Francis William,d1877-1945921313810aMass spectra and isotopes /cby F.W. Aston a2nd ed aLondon :bArnold,c1942, [Reprinted 1948] axii, 276 p. :bill. ;c22 cm aIncludes bibliographic and indexes  0aIsotopes9213139 0aMass spectrometry9213140 2ddccBK c72067d72067 00102ddc40718NFICaRUCLbRUCLcReadingd1957-09-21ePublisher ltd.g20.50l0o541.2 ASM 1948r2017-05-13 00:00:00tC-1w2017-05-13yBK 00102ddc40708NFICaRUCLbRUCLcStackd1958-11-29eColombo plang0.00l0o541.2 ASM 1948r2017-05-13 00:00:00tC-2w2017-05-13yBK